<?xml version='1.0' encoding='UTF-8'?>
  <record xmlns="http://www.loc.gov/MARC21/slim">
    <leader>00000cam a2200000Mi 4500</leader>
    <controlfield tag="001">ocm71410669</controlfield>
    <controlfield tag="003">OCoLC</controlfield>
    <controlfield tag="005">20251112171022.8</controlfield>
    <controlfield tag="008">850515s1813    ne            000 0 dut d</controlfield>
    <datafield tag="040" ind1=" " ind2=" ">
      <subfield code="a">NLGGC</subfield>
      <subfield code="b">dut</subfield>
      <subfield code="e">fobidrtb</subfield>
      <subfield code="c">NLGGC</subfield>
      <subfield code="d">OCLCO</subfield>
    </datafield>
    <datafield tag="029" ind1="0" ind2=" ">
      <subfield code="a">NLGGC</subfield>
      <subfield code="b">851465420</subfield>
    </datafield>
    <datafield tag="035" ind1=" " ind2=" ">
      <subfield code="a">(OCoLC)71410669</subfield>
    </datafield>
    <datafield tag="084" ind1=" " ind2=" ">
      <subfield code="a">Nederlands 873</subfield>
      <subfield code="2">siso</subfield>
    </datafield>
    <datafield tag="100" ind1="1" ind2=" ">
      <subfield code="a">Bilderdijk, Willem,</subfield>
      <subfield code="d">1756-1831.</subfield>
      <subfield code="1">https://id.oclc.org/worldcat/entity/E39PBJxxk9CpqkQf9DJmywMdcP</subfield>
    </datafield>
    <datafield tag="245" ind1="1" ind2="0">
      <subfield code="a">Nieuw liederenboekje, op aangename en bekende wijzen, :</subfield>
      <subfield code="b">strekkende tot opwekking van vaderlandschen moed en gepaste vreugde in deze belangrijke dagen /</subfield>
    </datafield>
    <datafield tag="260" ind1=" " ind2=" ">
      <subfield code="a">Amsterdam :</subfield>
      <subfield code="b">Hendrik Gartman,</subfield>
      <subfield code="c">1813.</subfield>
    </datafield>
    <datafield tag="300" ind1=" " ind2=" ">
      <subfield code="a">[2], 28, [2] p. ;</subfield>
      <subfield code="c">20 cm (in-8)</subfield>
    </datafield>
    <datafield tag="336" ind1=" " ind2=" ">
      <subfield code="a">tekst</subfield>
      <subfield code="b">txt</subfield>
      <subfield code="2">rdacontent/dut</subfield>
    </datafield>
    <datafield tag="337" ind1=" " ind2=" ">
      <subfield code="a">zonder medium</subfield>
      <subfield code="b">n</subfield>
      <subfield code="2">rdamedia/dut</subfield>
    </datafield>
    <datafield tag="338" ind1=" " ind2=" ">
      <subfield code="a">band</subfield>
      <subfield code="b">nc</subfield>
      <subfield code="2">rdacarrier/dut</subfield>
    </datafield>
    <datafield tag="500" ind1=" " ind2=" ">
      <subfield code="a">Door W. Bilderdijk, vrouwe K.W. Bilderdijk en S.Iz. Wiselius.</subfield>
    </datafield>
    <datafield tag="504" ind1=" " ind2=" ">
      <subfield code="a">Met titellijst.</subfield>
    </datafield>
    <datafield tag="510" ind1="0" ind2=" ">
      <subfield code="a">Knuttel 23544</subfield>
    </datafield>
    <datafield tag="510" ind1="4" ind2=" ">
      <subfield code="a">Saakes 6 (1814),</subfield>
      <subfield code="c">p. 5</subfield>
    </datafield>
    <datafield tag="530" ind1=" " ind2=" ">
      <subfield code="a">Titel is gedigitaliseerd voor de Koninklijke Bibliotheek in het kader van het Google Books-project.</subfield>
    </datafield>
    <datafield tag="700" ind1="1" ind2=" ">
      <subfield code="a">Wiselius, Samuel Iperuszoon,</subfield>
      <subfield code="d">1769-1845.</subfield>
      <subfield code="1">https://id.oclc.org/worldcat/entity/E39PBJcGhw47MkVF9bpwkvHHmd</subfield>
    </datafield>
    <datafield tag="700" ind1="1" ind2=" ">
      <subfield code="a">Bilderdijk-Schweickhardt, Katharina Wilhelmina,</subfield>
      <subfield code="c">letterkundige,</subfield>
      <subfield code="d">1776-1830.</subfield>
      <subfield code="1">https://id.oclc.org/worldcat/entity/E39PBJx4rFDtMQWJC7bWmG9bh3</subfield>
    </datafield>
    <datafield tag="710" ind1="2" ind2=" ">
      <subfield code="a">Gartman, Hendrik (Amsterdam)</subfield>
      <subfield code="4">prt</subfield>
      <subfield code="0">(NL-LeOCL)077136810</subfield>
    </datafield>
    <datafield tag="776" ind1="0" ind2=" ">
      <subfield code="a">Bilderdijk, W.</subfield>
      <subfield code="t">Nieuw liederenboekje, op aangename en bekende wijzen : strekkende tot opwekking van vaderlandschen moed en gepaste vreugde in deze belangrijke dagen</subfield>
      <subfield code="w">(NL-LeOCL)336868510</subfield>
      <subfield code="w">(OCoLC)747697452</subfield>
    </datafield>
    <datafield tag="776" ind1="0" ind2=" ">
      <subfield code="a">Bilderdijk, W.</subfield>
      <subfield code="t">Nieuw liederenboekje, op aangename en bekende wijzen, : strekkende tot opwekking van vaderlandschen moed en gepaste vreugde in deze belangrijke dagen /</subfield>
      <subfield code="w">(NL-LeOCL)38361984X</subfield>
      <subfield code="w">(OCoLC)747697452</subfield>
    </datafield>
    <datafield tag="776" ind1="0" ind2=" ">
      <subfield code="a">Bilderdijk, W.</subfield>
      <subfield code="t">Nieuw liederenboekje, op aangename en bekende wijzen, : strekkende tot opwekking van vaderlandschen moed en gepaste vreugde in deze belangrijke dagen /</subfield>
      <subfield code="w">(NL-LeOCL)39498403X</subfield>
      <subfield code="w">(OCoLC)747697452</subfield>
    </datafield>
    <datafield tag="776" ind1="0" ind2=" ">
      <subfield code="a">Bilderdijk, W.</subfield>
      <subfield code="t">Nieuw liederenboekje, op aangename en bekende wijzen, : strekkende tot opwekking van vaderlandschen moed en gepaste vreugde in deze belangrijke dagen /</subfield>
      <subfield code="w">(NL-LeOCL)433255846</subfield>
      <subfield code="w">(OCoLC)747697452</subfield>
    </datafield>
  </record>